000 00349nam a22001457a 4500
999 _c585
_d585
003 OSt
005 20170830160921.0
008 160623b xxu||||| |||| 00| 0 eng d
020 _a0720716411
040 _cTEST
100 _9722
_aHoward, G
245 _aA Guide to Good English
260 _aLON
_bPerham Book Ltd
_c1985
300 _aA Guide to Good English
942 _2ddc
_cBK